| Tag |
First Indicator |
Second Indicator |
Subfields |
| LEADER |
00000nam a2200000 i 4500 |
| 001 |
in00005782607 |
| 005 |
20260526122745.0 |
| 006 |
m o d |
| 007 |
cr ||||||||||| |
| 008 |
260328t20262026inua ob 001 0 eng d |
| 020 |
|
|
|a 0253075238
|q (electronic book)
|
| 020 |
|
|
|a 9780253075246
|q (electronic book)
|
| 020 |
|
|
|a 0253075246
|q (electronic book)
|
| 020 |
|
|
|a 9780253075239
|q (electronic book)
|
| 020 |
|
|
|z 9780253075215
|q hardcover
|
| 020 |
|
|
|z 0253075211
|q hardcover
|
| 020 |
|
|
|z 9780253075222
|q paperback
|
| 020 |
|
|
|z 025307522X
|q paperback
|
| 035 |
|
|
|a (NhCcYBP)jstor22573/CATS33883995
|
| 037 |
|
|
|a 22573/cats33883995
|b JSTOR
|
| 040 |
|
|
|a NhCcYBP
|c NhCcYBP
|
| 043 |
|
|
|a e-yu---
|
| 050 |
|
4 |
|a BJ1475.3
|b .B75 2026
|
| 082 |
0 |
4 |
|a 361.2/609497
|2 23/eng/20260407
|
| 100 |
1 |
|
|a Brković, Čarna,
|e author.
|1 https://id.oclc.org/worldcat/entity/E39PCjrHJcMQf9Py3WrPByRqPP
|
| 245 |
1 |
0 |
|a Realigning humanitarianism in the Balkans :
|b from Cold War politics to neoliberal ethics /
|c Čarna Brković.
|
| 264 |
|
1 |
|a Bloomington, Indiana :
|b Indiana University Press,
|c [2026]
|
| 264 |
|
4 |
|c ©2026
|
| 300 |
|
|
|a 1 online resource.
|
| 334 |
|
|
|a single unit
|b mono
|0 http://id.loc.gov/vocabulary/issuance/mono
|
| 336 |
|
|
|a text
|b txt
|2 rdacontent
|0 http://id.loc.gov/vocabulary/contentTypes/txt
|
| 337 |
|
|
|a computer
|b c
|2 rdamedia
|0 http://id.loc.gov/vocabulary/mediaTypes/c
|
| 338 |
|
|
|a online resource
|b cr
|2 rdacarrier
|0 http://id.loc.gov/vocabulary/carriers/cr
|
| 347 |
|
|
|a text file
|2 rdaft
|0 http://id.loc.gov/vocabulary/mfiletype/text
|
| 353 |
|
|
|a bibliography
|b bibliography
|0 http://id.loc.gov/vocabulary/msupplcont/bibliography
|
| 353 |
|
|
|a index
|b index
|0 http://id.loc.gov/vocabulary/msupplcont/index
|
| 490 |
1 |
|
|a Worlds in crisis: refugees, asylum, and forced migration
|
| 504 |
|
|
|a Includes bibliographical references and index.
|
| 505 |
0 |
|
|a Prelude: The 1961 Founding of the Non-Aligned Movement in Belgrade, Yugoslavia -- Part I: Humanitarianism in a Multipolar World -- 1. Yugoslav Interventions in the International Humanitarian Debates in the 1970s: Legalistic Anti-racism of the Red Cross of Yugoslavia -- 2. Progressive Peace Versus Peace of Conquerors and Aggressors: First Red Cross Peace Conference in Belgrade -- 3. "Changing Consciousness": Building East-South Infrastructures of Humanitarian Aid -- Part II: Humanitarianism After the Fall of Socialism -- Interlude -- 4. Realigning Humanitarianism: Learning How to Tame Feelings -- 5. " Changing Mentality": Ethno-racialized and Classist Hierarchies of Subjectivity -- 6. From Hope ("If") to Irony ("As If"): Suspended Agency in a Capitalist Semi-periphery -- Conclusion: Worldmakings in a Global East.
|
| 532 |
1 |
|
|3 JSTOR
|a "We apply WCAG and Section 508 standards to improve the user experience for everyone...The target for JSTOR is WCAG 2.2 Level AA." Source: https://about.jstor.org/accessibility/. Last accessed April 22, 2025.
|
| 588 |
0 |
|
|a Online resource; title from PDF title page (JSTOR platform, viewed April 28, 2026).
|
| 650 |
|
0 |
|a Humanitarianism
|z Former Yugoslav republics
|x History
|y 20th century.
|
| 650 |
|
0 |
|a Humanitarianism
|z Former Yugoslav republics
|x History
|y 21st century.
|
| 655 |
|
7 |
|a Electronic books.
|2 local
|
| 776 |
1 |
8 |
|i Print version:
|a Brković, Čarna.
|t Realigning Humanitarianism in the Balkans.
|d Bloomington, Indiana : Indiana University Press, [2026]
|z 0253075211
|z 9780253075215
|z 025307522X
|z 9780253075222
|
| 830 |
|
0 |
|a Worlds in crisis.
|
| 856 |
4 |
0 |
|u http://proxy.library.tamu.edu/login?url=https://www.jstor.org/stable/10.2307/jj.33903596
|z Connect to the full text of this electronic book
|t 0
|
| 955 |
|
|
|a JSTOR DDA record
|
| 999 |
f |
f |
|i 6bf42054-4da0-4e0e-b662-6287c6789c5a
|s 41a5da05-a290-4a17-9642-20253dd69136
|t 0
|
| 952 |
f |
f |
|a Texas A&M University
|b College Station
|c Electronic Resources
|s evans_pda
|d Available Online
|t 0
|e BJ1475.3 .B75 2026
|h Library of Congress classification
|
| 998 |
f |
f |
|a BJ1475.3 .B75 2026
|t 0
|l Available Online
|